Cibernética: ciencia y práctica
Saved in:
| Main Authors: | , , |
|---|---|
| Format: | Bog |
| Sprog: | spansk |
| Udgivet: |
Buenos Aires
Lautaro
1964
|
| Serier: | Ensayos Fundamentales
|
| Fag: | |
| Tags: |
Tilføj Tag
Ingen Tags, Vær først til at tagge denne postø!
|
MARC
| LEADER | 00000nam a2200000 a 4500 | ||
|---|---|---|---|
| 001 | UCS9586 | ||
| 003 | CL-VaPUC | ||
| 008 | 971121e19640000AG |||||||||||||||||spa|d | ||
| 082 | 0 | 4 | |a 003.5 |b NOV |2 21 |
| 100 | |a Novik, Ilia B |e author |9 394790 | ||
| 700 | 0 | |a Kasakovsev, V. S |e author |9 394791 | |
| 700 | |a Gnedenko, Boris Vladimirovich |e author |9 564111 | ||
| 245 | 1 | 0 | |a Cibernética: ciencia y práctica |
| 300 | |a 206 p | ||
| 942 | |c BK | ||
| 945 | |d 19971121 00:00:00 |a rleighto | ||
| 260 | |a Buenos Aires |b Lautaro |c 1964 | ||
| 650 | 0 | |a Cibernética |9 270269 | |
| 650 | 0 | |a Información |9 256927 | |
| 650 | 7 | |a MAQUINA |2 CL-VaPUC |9 368833 | |
| 650 | 7 | |a CIBERNETICA Y ESTADISTICA |2 CL-VaPUC |9 394793 | |
| 650 | 7 | |a CIBERNETICA Y CIENCIA |2 CL-VaPUC |9 394794 | |
| 583 | |a last modification |c 19971121 00:00:00 |k Rodrigo Vera | ||
| 490 | 0 | |a Ensayos Fundamentales | |
| 999 | |c 263367 |d 263365 | ||
| 952 | |0 0 |1 0 |4 0 |6 003_500000000000000_NOV_1964 |7 0 |8 P |9 292627 |a BIBGIM |b BIBGIM |d 2019-11-19 |i 3363813 |o 003.5 NOV 1964 |p 3363813 |r 2025-01-15 |w 2019-11-19 |y BK |k GIM | ||